000 00424nam a2200169Ia 4500
008 230711s9999||||xx |||||||||||||| ||und||
020 _a978-93-325-5855-7
041 _aENG
082 _a624.177
_bJA-D
100 _aJain,Ashok K
245 0 _aDynamic of structures : With matlab applications
250 _a1st Ed.
260 _c2017
_aNew Delhi
_bPearson
300 _a651p.
650 _aCivil Engineering
942 _cBK
999 _c6136
_d6136